| 000 | 00422 a2200157 4500 | ||
|---|---|---|---|
| 003 | OSt | ||
| 005 | 20240823124539.0 | ||
| 008 | 231018b |||||||| |||| 00| 0 eng d | ||
| 020 | _a9953420556 | ||
| 040 | _coclc | ||
| 082 |
_a039.992 _bSAB/S |
||
| 100 | 1 |
_aSabʻ, Ḥasan _99757 |
|
| 245 |
_a5000 sūʼāl / _cHassan al sabaa |
||
| 300 | _a462p | ||
| 942 |
_2ddc _cBK _h039.992 _iSAB/S _k039.992 _mSAB/S |
||
| 999 |
_c42668 _d42668 |
||